| 000 | 03793nam a22003737a 4500 | ||
|---|---|---|---|
| 005 | 2012021403223.0 | ||
| 010 | _aB-478957-968 | ||
| 020 |
_a9788181464439 _c150.00 |
||
| 035 | _aB-478957-968 | ||
| 037 | _bब्लूबेरी बुक्स | ||
| 082 | _aक | ||
| 245 |
_aऔर धरती यूँ बनी / _cउमा कृष्णस्वामी द्वारा चित्रांकित;संध्या राव द्वारा रूपांतरित;सुषमा द्वारा अनुदित |
||
| 260 |
_aचैन्नेई _bतूलिका पब्लिशिंग _c2008 |
||
| 270 |
_a13 पृथ्वी ऐवन्यु, अभिरमपुरम _bचैन्नेई _e600018 |
||
| 300 |
_aअ.पृ. _bसचित्र _c25सेमी (अजिल्द) |
||
| 700 |
_941870 _aउमा कृष्णस्वामी |
||
| 700 |
_941871 _aसंध्या राव |
||
| 700 |
_941872 _aसुषमा |
||
| 942 |
_2ddc _cCH _hक _mऔरध |
||
| 999 |
_c62723 _d62723 |
||